| 000 | 00636nam a22002057a 4500 | ||
|---|---|---|---|
| 999 |
_c523524 _d523524 |
||
| 003 | NUST | ||
| 005 | 20190401054947.0 | ||
| 008 | 190401b ||||| |||| 00| 0 eng d | ||
| 010 | _a2009054381 | ||
| 020 | _a978470058190 | ||
| 038 | _aNusrat Nadeem | ||
| 040 |
_aDLC _bDLC _cRCMS |
||
| 082 | _a623.7 4AUS | ||
| 100 |
_a Reg Austin _91418 |
||
| 245 |
_aUnmanned Aircraft Systems: _bUAVS design,development and deployment _cAustin Reg |
||
| 260 |
_aUSA _bJohn Wiley & sons _c2010 |
||
| 300 |
_axii,332,p: _bill: _c22,cm. |
||
| 600 |
_x1.Drone aircraft.2.Airplanes --- Radio control 3.Navigation (Aeronautics) _914041 |
||
| 942 |
_2ddc _cBK |
||